Loading...
| Geography | 2 | 2 | 1 | 2 | 45 | 51 | 100.75 | 2 | 4 | 17.78 | 42.86 |
| History - European | 1 | 2 | 0 | 1 | 35 | 91 | 116.00 | 1 | 3 | 7.88 | 22.22 |
| Religion | 2 | 0 | 0 | 0 | 30 | 38 | 50.00 | 2 | 2 | 18.78 | 28.57 |
| History - American | 1 | 1 | 0 | 0 | 25 | 68 | 72.50 | 2 | 2 | 12.07 | 18.75 |
| History - World | 1 | 2 | 2 | 2 | 25 | 51 | 116.00 | 1 | 3 | 5.00 | 15.38 |
| Social Science | 0 | 2 | 0 | 2 | 20 | 131 | 135.50 | 0 | 2 | 0.26 | 7.14 |
| Science - Chemistry | 0 | 2 | 0 | 0 | 20 | 82 | 95.50 | 1 | 2 | 6.59 | 16.67 |
| Science - Biology | 0 | 2 | 1 | 1 | 15 | 83 | 103.50 | 2 | 2 | 4.70 | 22.22 |
| Other Academic | 0 | 2 | 2 | 1 | 10 | 95 | 119.50 | 1 | 2 | 3.59 | 16.67 |
| Fine Arts - Classical Music | 0 | 1 | 0 | 1 | 10 | 149 | 149.00 | 0 | 1 | 0.07 | 5.56 |
| Fine Arts - Other | 0 | 1 | 0 | 0 | 10 | 147 | 147.00 | 1 | 1 | 0.71 | 7.69 |
| Science - Physics | 0 | 1 | 0 | 1 | 10 | 128 | 128.00 | 1 | 1 | 0.17 | 11.11 |
| Fine Arts - Painting and Sculpture | 0 | 0 | 0 | 0 | 0 | 0.00 | 0 | 0 | 0.00 | 0.00 | |
| Mythology | 0 | 0 | 1 | 0 | -5 | 0.00 | 0 | 0 | 0.00 | 0.00 | |
| Current Events | 0 | 0 | 2 | 0 | -10 | 0.00 | 0 | 0 | 0.00 | 0.00 |